Normal view
MARC view
- NEURAL ENGINEERING.NEURAL NETWORKS
Entry Topical Term
001 - CONTROL NUMBER
- control field: 61193
003 - CONTROL NUMBER IDENTIFIER
- control field: NUST
005 - DATE AND TIME OF LATEST TRANSACTION
- control field: 20210628202716.0
008 - FIXED-LENGTH DATA ELEMENTS
- fixed length control field: 210628|| aca||aabn | a|a d
040 ## - CATALOGING SOURCE
- Original cataloging agency: NUST
- Transcribing agency: NUST
150 ## - HEADING--TOPICAL TERM
- Topical term or geographic name entry element: NEURAL ENGINEERING.NEURAL NETWORKS
670 ## - SOURCE DATA FOUND
- Source citation: Work cat.: (NUST): Anderson, Charles H:Eliasmith, Chris 61192, Neural engineering;computation, representation and dynamics in neurobiological systems, 2003
